Normal view
MARC view
- Iqbal, Muhammad,
Entry Personal Name
001 - CONTROL NUMBER
- control field: 1684
003 - CONTROL NUMBER IDENTIFIER
- control field: NUST
005 - DATE AND TIME OF LATEST TRANSACTION
- control field: 20170531110606.0
008 - FIXED-LENGTH DATA ELEMENTS
- fixed length control field: 170531|| aca||aabn | a|a d
040 ## - CATALOGING SOURCE
- Original cataloging agency: NUST
- Transcribing agency: NUST
100 ## - HEADING--PERSONAL NAME
- Personal name: Iqbal, Muhammad,
- Dates associated with a name: 1877-1938
- General subdivision: Criticism and interpretation.
670 ## - SOURCE DATA FOUND
- Source citation: Work cat.: (NUST): Global imprints & appreciation of Allama Iqbal /, c2015
